|
|
|
|
| LEADER |
00000nam0a2200000 4500 |
| 001 |
26320 |
| 005 |
20231030201548.0 |
| 010 |
|
|
|a 5020056995
|
| 035 |
|
|
|a (RuTPU)RU\TPU\book\26562
|
| 035 |
|
|
|a BOOK00026637
|
| 090 |
|
|
|a 26320
|
| 100 |
|
|
|a 20011209d1993 k y0rusy50 ca
|
| 101 |
0 |
|
|a rus
|
| 102 |
|
|
|a RU
|
| 105 |
|
|
|a y z 001zy
|
| 200 |
1 |
|
|a История изучения ругоз
|e 1983-1991
|f А. Б. Ивановский
|
| 210 |
|
|
|a Москва
|c Наука
|d 1993
|
| 215 |
|
|
|a 80 с.
|
| 320 |
|
|
|a Библиогр.: с. 41-61.
|
| 320 |
|
|
|a Предм. указ.: с. 63.
|
| 320 |
|
|
|a Указ. авторов: с. 62.
|
| 610 |
1 |
|
|a палезоология
|
| 610 |
1 |
|
|a простейшие
|
| 610 |
1 |
|
|a ругозы
|
| 610 |
1 |
|
|a история
|
| 610 |
1 |
|
|a изучение
|
| 610 |
1 |
|
|a палеозой
|
| 610 |
1 |
|
|a 20 век
|
| 675 |
|
|
|a 563(09)
|v 3
|
| 700 |
|
1 |
|a Ивановский
|b А. Б.
|g Андрей Борисович
|
| 801 |
|
0 |
|a RU
|b 63413507
|c 20011209
|g PSBO
|
| 801 |
|
2 |
|a RU
|b 63413507
|c 20100120
|g PSBO
|
| 942 |
|
|
|c BK
|